Irresistible forces / (Record no. 593349)

000 -LEADER
fixed length control field 00315nam a22001217a 4500
020 ## - INTERNATIONAL STANDARD BOOK NUMBER
International Standard Book Number 055214505X
082 ## - DEWEY DECIMAL CLASSIFICATION NUMBER
Classification number 813.54
Author Mark STE
100 ## - MAIN ENTRY--PERSONAL NAME
Personal name Steel, Danielle
245 ## - TITLE STATEMENT
Title Irresistible forces /
Statement of responsibility, etc. Danielle Steel
260 ## - PUBLICATION, DISTRIBUTION, ETC.
Place of publication, distribution, etc. Great Britain :
Name of publisher, distributor, etc. A Corgi Book,
Date of publication, distribution, etc. 2000.
300 ## - PHYSICAL DESCRIPTION
Extent 413 p. ;
Dimensions 18 cm.
942 ## - ADDED ENTRY ELEMENTS (KOHA)
Source of classification or shelving scheme
Koha item type Book
Holdings
Withdrawn status Lost status Source of classification or shelving scheme Damaged status Not for loan Permanent Location Current Location Shelving location Date acquired Source of acquisition Total Checkouts Full call number Barcode Date last seen Price effective from Koha item type
          Central Library (CL) Central Library (CL) Fiction 02/17/2023 Donated by Ms Aiman Bilal NBS   813.54 STE CL-D-2258 02/17/2023 02/17/2023 Book
© 2023 Central Library, National University of Sciences and Technology. All Rights Reserved.